Đánh giá khả năng kích thích tăng trưởng cây cà chua và phòng, trừ bệnh héo xanh do vi khuẩn Ralstonia Solanacearum của một số chủng vi khuẩn vùng rễ trong điều kiện nhà lưới : Luận văn tốt nghiệp Đại học

Đề tài nhằm chọn lọc các dòng (PGPRs) có khả năng kích thích tăng trưởng thực vật đồng thời giúp cây kiểm soát bệnh héo xanh.

Đã lưu trong:
書目詳細資料
主要作者: Nhan, Hoàng Phong
格式: 圖書
語言:Undetermined
出版: Cần Thơ Trường Đại học Cần Thơ 2008
主題:
標簽: 添加標簽
沒有標簽, 成為第一個標記此記錄!
Thư viện lưu trữ: Trung tâm Học liệu Trường Đại học Cần Thơ
LEADER 01221nam a2200217Ia 4500
001 CTU_169446
008 210402s9999 xx 000 0 und d
082 |a 579.332 
082 |b Ph431 
100 |a Nhan, Hoàng Phong 
245 0 |a Đánh giá khả năng kích thích tăng trưởng cây cà chua và phòng, trừ bệnh héo xanh do vi khuẩn Ralstonia Solanacearum của một số chủng vi khuẩn vùng rễ trong điều kiện nhà lưới : 
245 0 |b Luận văn tốt nghiệp Đại học 
245 0 |c Nhan Hoàng Phong ; Trần Vũ Phến (Giáo viên hướng dẫn) 
260 |a Cần Thơ 
260 |b Trường Đại học Cần Thơ 
260 |c 2008 
520 |a Đề tài nhằm chọn lọc các dòng (PGPRs) có khả năng kích thích tăng trưởng thực vật đồng thời giúp cây kiểm soát bệnh héo xanh. 
650 |a Tomatoes,Vi khuẩn Ralstonia solanacearum,Cây cà chua,Ralstonia solanacearum 
650 |x Diseases and pests,Côn trùng và bệnh hại 
904 |i Quốc, Năm 
980 |a Trung tâm Học liệu Trường Đại học Cần Thơ